[Event "30. Torneo San Viator 2018"]
[Site "Madrid ESP"]
[Date "2018.05.20"]
[Round "6.9"]
[White "Rosa Ramirez, Victor D"]
[Black "Camarero Izquierdo, Juan Carlos"]
[Result "0-1"]
[WhiteElo "1884"]
[BlackElo "1946"]
[PlyCount "50"]
[EventDate "2018.04.08"]
[EventType "swiss"]
[EventRounds "9"]
[EventCountry "ESP"]
[SourceTitle "Ajedrez en Madrid"]
[Source "lmi"]
[SourceDate "2018.04.08"]

1. e4 c5 2. c3 e6 3. d4 d5 4. e5 Nc6 5. Nf3 Bd7 6. a3 Nge7 7. b4 cxd4 8. cxd4
Ng6 9. Bd3 Be7 10. O-O O-O 11. Be3 f6 12. exf6 Bxf6 13. Re1 Qe8 14. Nc3 Kh8 15.
Ra2 Qf7 16. Rae2 Rac8 17. Rc2 e5 18. Bxg6 hxg6 19. dxe5 Nxe5 20. Nxe5 Bxe5 21.
Bc5 Rfe8 22. Qxd5 Qxd5 23. Nxd5 Bxh2+ 24. Kxh2 Rxe1 25. Ne7 Re8 0-1

[Event "30. Torneo San Viator 2018"]
[Site "Madrid ESP"]
[Date "2018.05.20"]
[Round "6.10"]
[White "Gil Sierra, Jacinto"]
[Black "Sotoca Aguado, Jose"]
[Result "0-1"]
[WhiteElo "1897"]
[BlackElo "1847"]
[PlyCount "74"]
[EventDate "2018.04.08"]
[EventType "swiss"]
[EventRounds "9"]
[EventCountry "ESP"]
[SourceTitle "Ajedrez en Madrid"]
[Source "lmi"]
[SourceDate "2018.04.08"]

1. e4 c6 2. d4 d5 3. exd5 cxd5 4. c4 Nf6 5. Nc3 e6 6. Nf3 Be7 7. cxd5 Nxd5 8.
Bd3 Nc6 9. O-O O-O 10. Re1 Nf6 11. Bf4 a6 12. Rc1 Nb4 13. Bb1 Bd7 14. Ne5 Rc8
15. Bg5 Bc6 16. a3 Nbd5 17. Qd3 g6 18. Qh3 Nh5 19. Bh6 Ng7 20. Ne4 Bf6 21.
Nxf6+ Qxf6 22. Qg4 Qe7 23. h4 Rfe8 24. Bg5 Qf8 25. Rc5 f5 26. Qf3 Qd6 27. Rec1
Bd7 28. Nxd7 Qxd7 29. Ba2 Rxc5 30. Rxc5 Ne7 31. Bxe7 Rxe7 32. d5 exd5 33. Qxd5+
Qxd5 34. Rxd5 Ne6 35. Rd7 Kf7 36. Rd8 Kf6 37. Kf1 Nxd8 0-1

[Event "30. Torneo San Viator 2018"]
[Site "Madrid ESP"]
[Date "2018.05.20"]
[Round "6.11"]
[White "Fernandez Quintero, Jose Antonio"]
[Black "Garcia Galeote, Lorenzo"]
[Result "1/2-1/2"]
[WhiteElo "1813"]
[BlackElo "1972"]
[PlyCount "34"]
[EventDate "2018.04.08"]
[EventType "swiss"]
[EventRounds "9"]
[EventCountry "ESP"]
[SourceTitle "Ajedrez en Madrid"]
[Source "lmi"]
[SourceDate "2018.04.08"]

1. d4 d5 2. c4 e6 3. Nc3 Nf6 4. cxd5 exd5 5. Bg5 Be7 6. e3 c6 7. Bd3 Nbd7 8.
Nge2 Nh5 9. Bxe7 Qxe7 10. g4 Nhf6 11. Ng3 Nb6 12. h3 Be6 13. Qe2 O-O-O 14.
O-O-O Kb8 15. Kb1 g6 16. Qc2 h5 17. g5 Ne8 1/2-1/2

[Event "30. Torneo San Viator 2018"]
[Site "Madrid ESP"]
[Date "2018.05.20"]
[Round "6.12"]
[White "Lobato Rivero, Carlos"]
[Black "Jimenez Gonzalez, Marcos"]
[Result "1/2-1/2"]
[WhiteElo "1968"]
[BlackElo "1802"]
[PlyCount "43"]
[EventDate "2018.04.08"]
[EventType "swiss"]
[EventRounds "9"]
[EventCountry "ESP"]
[SourceTitle "Ajedrez en Madrid"]
[Source "lmi"]
[SourceDate "2018.04.08"]

1. e4 c5 2. c3 d5 3. exd5 Qxd5 4. d4 Nf6 5. Nf3 Bg4 6. Be2 e6 7. h3 Bh5 8. c4
Qd8 9. Nc3 cxd4 10. Nxd4 Bxe2 11. Qa4+ Qd7 12. Qxd7+ Nbxd7 13. Kxe2 a6 14. Rd1
Bb4 15. Bd2 O-O 16. Ne4 Bxd2 17. Nxf6+ Nxf6 18. Rxd2 Rfd8 19. Rad1 Ne4 20. Rd3
Nc5 21. Re3 Rac8 22. b3 1/2-1/2

[Event "30. Torneo San Viator 2018"]
[Site "Madrid ESP"]
[Date "2018.05.20"]
[Round "6.13"]
[White "Muñoz Cebey, Ricardo"]
[Black "Padin Lazaro, Jose Manuel"]
[Result "1/2-1/2"]
[WhiteElo "1793"]
[BlackElo "1870"]
[PlyCount "50"]
[EventDate "2018.04.08"]
[EventType "swiss"]
[EventRounds "9"]
[EventCountry "ESP"]
[SourceTitle "Ajedrez en Madrid"]
[Source "lmi"]
[SourceDate "2018.04.08"]

1. c4 c5 2. Nf3 Nc6 3. g3 g6 4. Bg2 Bg7 5. Nc3 e6 6. d4 cxd4 7. Nb5 d5 8. cxd5
Qa5+ 9. Bd2 Qxb5 10. dxc6 Qb6 11. cxb7 Bxb7 12. O-O Ne7 13. e3 dxe3 14. Bxe3
Nd5 15. Qb3 Qb4 16. Qxb4 Nxb4 17. Bd2 Nd5 18. Rfe1 O-O 19. Rab1 Rac8 20. Rec1
Ba6 21. b4 Bd3 22. Rxc8 Rxc8 23. Rb3 Bb5 24. Bf1 a6 25. Ne1 Nc3 1/2-1/2

[Event "30. Torneo San Viator 2018"]
[Site "Madrid ESP"]
[Date "2018.05.20"]
[Round "6.14"]
[White "Fernandez Rios, Jose Francisco"]
[Black "Recuenco Andres, Javier"]
[Result "1-0"]
[WhiteElo "1741"]
[BlackElo "1869"]
[PlyCount "103"]
[EventDate "2018.04.08"]
[EventType "swiss"]
[EventRounds "9"]
[EventCountry "ESP"]
[SourceTitle "Ajedrez en Madrid"]
[Source "lmi"]
[SourceDate "2018.04.08"]

1. d4 d6 2. c4 e5 3. d5 f5 4. e4 Nf6 5. exf5 Bxf5 6. Nc3 Be7 7. Nge2 O-O 8. Ng3
Bg6 9. Bg5 c6 10. Bxf6 Bxf6 11. Bd3 e4 12. Ngxe4 Bxe4 13. Bxe4 Qb6 14. Qc2 Bd4
15. Bxh7+ Kh8 16. f3 Bxc3+ 17. bxc3 Qe3+ 18. Kf1 Re8 19. Be4 c5 20. Re1 Qf4 21.
Kf2 Nd7 22. g3 Qf6 23. Kg2 Ne5 24. Qe2 Re7 25. f4 Nf7 26. Qh5+ Kg8 27. Bg6 Nh6
28. Qg5 Rxe1 29. Qxf6 Re2+ 30. Kf3 Re3+ 31. Kxe3 gxf6 32. Kf3 Kg7 33. f5 Rc8
34. Re1 Rc7 35. h3 Ng8 36. Re6 Rd7 37. g4 a6 38. a4 b6 39. Be8 Rd8 40. Bc6 Kf7
41. h4 Ne7 42. Kf4 a5 43. g5 Ng8 44. g6+ Kf8 45. h5 Kg7 46. Be8 Nh6 47. Re7+
Kf8 48. Rh7 Rxe8 49. Rxh6 Re1 50. Rh8+ Ke7 51. g7 Kf7 52. g8=Q+ 1-0

[Event "30. Torneo San Viator 2018"]
[Site "Madrid ESP"]
[Date "2018.05.20"]
[Round "6.15"]
[White "Gonzalez-Ruano Perez, Cesar"]
[Black "Sanchez Fernandez, Juan Antonio"]
[Result "1-0"]
[WhiteElo "1833"]
[BlackElo "1751"]
[PlyCount "59"]
[EventDate "2018.04.08"]
[EventType "swiss"]
[EventRounds "9"]
[EventCountry "ESP"]
[SourceTitle "Ajedrez en Madrid"]
[Source "lmi"]
[SourceDate "2018.04.08"]

1. e4 e5 2. Nf3 Nc6 3. Nc3 Nf6 4. d4 exd4 5. Nd5 Nxd5 6. exd5 Qe7+ 7. Be2 d3 8.
Qxd3 Nb4 9. Qb3 Qe4 10. O-O Bc5 11. Bd3 Nxd3 12. cxd3 Qb4 13. Re1+ Kf8 14. Qc2
b6 15. d4 Bd6 16. Bd2 Qb5 17. Qe4 Bb7 18. Bf4 Bb4 19. a3 Bxd5 20. Qf5 Bxe1 21.
Rxe1 d6 22. Ng5 Kg8 23. Nxf7 Re8 24. Nh6+ gxh6 25. Qg4+ Kf7 26. Qh5+ Kf6 27.
Qxh6+ Kf7 28. Qh5+ Kf6 29. Bg5+ Kg7 30. Bh6+ 1-0

[Event "30. Torneo San Viator 2018"]
[Site "Madrid ESP"]
[Date "2018.05.20"]
[Round "6.16"]
[White "Esteban Posadilla, Raul"]
[Black "Manas Molina, Angel"]
[Result "1-0"]
[WhiteElo "1605"]
[BlackElo "1829"]
[PlyCount "91"]
[EventDate "2018.04.08"]
[EventType "swiss"]
[EventRounds "9"]
[EventCountry "ESP"]
[SourceTitle "Ajedrez en Madrid"]
[Source "lmi"]
[SourceDate "2018.04.08"]

1. c4 Nf6 2. Nc3 g6 3. e4 d6 4. g3 Bg7 5. Bg2 O-O 6. Nge2 c6 7. O-O Be6 8. d3
Nh5 9. Be3 Qd7 10. Qc1 Bh3 11. Bh6 Bxg2 12. Kxg2 f5 13. Bxg7 Kxg7 14. f3 Na6
15. a3 Nc5 16. Qc2 fxe4 17. dxe4 Qe6 18. b4 Nd7 19. Nd1 Ne5 20. Ne3 c5 21. f4
Ng4 22. Nxg4 Qxg4 23. h3 Qe6 24. g4 Nf6 25. Ng3 cxb4 26. axb4 a6 27. Qd3 Rac8
28. Rac1 Rc7 29. Rf2 Rfc8 30. Rfc2 b5 31. c5 dxc5 32. bxc5 Nd7 33. Qd4+ Qf6 34.
e5 Qc6+ 35. Ne4 Qe6 36. Kg3 h6 37. h4 h5 38. gxh5 gxh5 39. Rg1 Kh6 40. Kh2 Qf5
41. Qe3 Rf8 42. Rcg2 Rc6 43. Rf2 Re6 44. Rg5 Qf7 45. Ng3 Rxe5 46. Rxe5 1-0

[Event "30. Torneo San Viator 2018"]
[Site "Madrid ESP"]
[Date "2018.05.20"]
[Round "6.17"]
[White "Cid Garcia, Ramon"]
[Black "Uceda Martinez, Jacinto"]
[Result "1-0"]
[WhiteElo "1847"]
[BlackElo "1782"]
[PlyCount "101"]
[EventDate "2018.04.08"]
[EventType "swiss"]
[EventRounds "9"]
[EventCountry "ESP"]
[SourceTitle "Ajedrez en Madrid"]
[Source "lmi"]
[SourceDate "2018.04.08"]

1. e4 c5 2. Nf3 a6 3. c4 Nc6 4. d4 cxd4 5. Nxd4 e5 6. Nf5 d6 7. Ne3 Nf6 8. Nc3
Be7 9. Bd3 O-O 10. O-O Be6 11. Ned5 Nd7 12. Be3 f5 13. exf5 Bxf5 14. Nxe7+ Qxe7
15. Bxf5 Rxf5 16. Qd5+ Qf7 17. Rad1 Rd8 18. Qxf7+ Kxf7 19. Rxd6 Nf6 20. Rxd8
Nxd8 21. Rd1 Nc6 22. f3 Ng8 23. Ne4 Kf8 24. Nd6 Rf6 25. Nxb7 Nge7 26. Bc5 Kf7
27. Nd8+ Ke8 28. Nxc6 Nxc6 29. Rd6 Na5 30. Rxf6 gxf6 31. b3 Kd7 32. g4 Ke6 33.
Kf2 f5 34. Ke3 Nb7 35. gxf5+ Kxf5 36. b4 h5 37. Bf8 Nd8 38. b5 axb5 39. cxb5
Ne6 40. Bd6 Nf4 41. a4 Nd5+ 42. Kd3 Ke6 43. Bb8 h4 44. a5 h3 45. a6 Nb6 46. Ke4
Nd7 47. a7 Nb6 48. Bxe5 Kd7 49. Bd4 Na8 50. b6 Kc6 51. f4 1-0

[Event "30. Torneo San Viator 2018"]
[Site "Madrid ESP"]
[Date "2018.05.20"]
[Round "6.19"]
[White "Iriarte Diez, Enrique"]
[Black "Morales Martin, Javier"]
[Result "1/2-1/2"]
[WhiteElo "1833"]
[BlackElo "1747"]
[PlyCount "84"]
[EventDate "2018.04.08"]
[EventType "swiss"]
[EventRounds "9"]
[EventCountry "ESP"]
[SourceTitle "Ajedrez en Madrid"]
[Source "lmi"]
[SourceDate "2018.04.08"]

1. Nf3 Nf6 2. g3 d6 3. d4 g6 4. Bg2 Bg7 5. O-O O-O 6. c4 Bg4 7. h3 Bxf3 8. Bxf3
Nc6 9. Nc3 Nd7 10. e3 e5 11. Bxc6 bxc6 12. Qd3 c5 13. d5 f5 14. Ne2 Rb8 15. Rb1
Nf6 16. Kg2 Ne4 17. h4 Qd7 18. Ng1 Qa4 19. a3 Qb3 20. Qxb3 Rxb3 21. f3 Nc3 22.
Ra1 Na4 23. Rf2 e4 24. Nh3 exf3+ 25. Kxf3 Rfb8 26. Nf4 Nxb2 27. Bxb2 Bxb2 28.
Ra2 Bc1 29. Rfe2 Rc3 30. Ne6 Rbb3 31. Nxc7 Bxe3 32. Nb5 Bd2+ 33. Nxc3 Rxc3+ 34.
Kf2 Bh6 35. Rec2 Rd3 36. a4 Bg7 37. Rd2 Rb3 38. Re2 Be5 39. Rad2 Bxg3+ 40. Kg2
Be5 41. Rxe5 dxe5 42. d6 Rb8 1/2-1/2

[Event "30. Torneo San Viator 2018"]
[Site "Madrid ESP"]
[Date "2018.05.20"]
[Round "6.20"]
[White "Casares Sanchez, Rodrigo"]
[Black "Cano Mercado, Francisco Manuel"]
[Result "1-0"]
[WhiteElo "1702"]
[BlackElo "1824"]
[PlyCount "105"]
[EventDate "2018.04.08"]
[EventType "swiss"]
[EventRounds "9"]
[EventCountry "ESP"]
[SourceTitle "Ajedrez en Madrid"]
[Source "lmi"]
[SourceDate "2018.04.08"]

1. e4 c6 2. d4 d5 3. e5 Bf5 4. Nf3 e6 5. Be2 Nd7 6. O-O Ne7 7. Nbd2 Ng6 8. Nb3
Nh4 9. Ne1 Bg6 10. g3 Nf5 11. Ng2 Be7 12. f4 h5 13. Bd2 a5 14. a4 h4 15. g4 h3
16. Ne3 Nxe3 17. Bxe3 Be4 18. Bf3 Bxf3 19. Qxf3 g6 20. f5 Rh7 21. fxg6 fxg6 22.
Nc1 Qc7 23. Nd3 O-O-O 24. Nf4 Nf8 25. Nxh3 Re8 26. g5 Qd8 27. Qg4 Rh5 28. Rf3
Kb8 29. Rg3 Nh7 30. Rf1 Rh8 31. Qxe6 Bxg5 32. Bxg5 Nxg5 33. Nxg5 Rxg5 34. Rf6
Rxg3+ 35. hxg3 Qb6 36. Qd6+ Kc8 37. Rf8+ Rxf8 38. Qxf8+ Kd7 39. Qg7+ Kc8 40. e6
Qxb2 41. Qd7+ Kb8 42. Qd8+ Ka7 43. Qxa5+ Kb8 44. Qd8+ Ka7 45. Qf6 Qc1+ 46. Kg2
Qxc2+ 47. Kh3 Qe2 48. Qxg6 Qf1+ 49. Kh4 Qh1+ 50. Kg5 Qf3 51. Kh6 Qe3+ 52. Kh7
Qg1 53. e7 1-0

[Event "30. Torneo San Viator 2018"]
[Site "Madrid ESP"]
[Date "2018.05.20"]
[Round "6.21"]
[White "Martinez Rubio, Felipe"]
[Black "Barahona Torrijos, Angel"]
[Result "1-0"]
[WhiteElo "1728"]
[BlackElo "1862"]
[PlyCount "83"]
[EventDate "2018.04.08"]
[EventType "swiss"]
[EventRounds "9"]
[EventCountry "ESP"]
[SourceTitle "Ajedrez en Madrid"]
[Source "lmi"]
[SourceDate "2018.04.08"]

1. d4 Nf6 2. Bg5 e6 3. Nf3 c5 4. e3 Qa5+ 5. c3 cxd4 6. exd4 Ne4 7. Bf4 Nc6 8.
Nbd2 d5 9. Bd3 f5 10. O-O Be7 11. Ne5 O-O 12. f3 Nf6 13. Qe2 Nh5 14. Nxc6 bxc6
15. Be5 Bd7 16. Nb3 Qd8 17. Rae1 Be8 18. Ba6 Bd6 19. Bxd6 Qxd6 20. Qxe6+ Qxe6
21. Rxe6 Rd8 22. Re7 Rf7 23. Rfe1 Kf8 24. Rxf7+ Kxf7 25. Nc5 g5 26. Ne6 Rb8 27.
Nxg5+ Kg6 28. Nh3 Rxb2 29. Rxe8 Rxa2 30. Re6+ Kg7 31. Rxc6 Ra1+ 32. Bf1 a5 33.
g4 fxg4 34. fxg4 Nf6 35. Nf2 a4 36. Kg2 Ra2 37. Kf3 Ne4 38. Nxe4 dxe4+ 39. Kxe4
Rxh2 40. Ra6 Ra2 41. c4 a3 42. c5 1-0

[Event "30. Torneo San Viator 2018"]
[Site "Madrid ESP"]
[Date "2018.05.20"]
[Round "6.22"]
[White "Martinez Belen, Alejandro"]
[Black "Rojo Jorge, Luis"]
[Result "0-1"]
[WhiteElo "1828"]
[BlackElo "1654"]
[PlyCount "122"]
[EventDate "2018.04.08"]
[EventType "swiss"]
[EventRounds "9"]
[EventCountry "ESP"]
[SourceTitle "Ajedrez en Madrid"]
[Source "lmi"]
[SourceDate "2018.04.08"]

1. d4 Nf6 2. c4 g6 3. Nc3 d5 4. Nf3 Bg7 5. Qb3 dxc4 6. Qxc4 Be6 7. Qb5+ Bd7 8.
Qxb7 Bc6 9. Qb4 O-O 10. Bg5 Bxf3 11. gxf3 Nc6 12. Qa4 Qd7 13. e3 Rab8 14. Bb5
Rb6 15. Rd1 a6 16. Bxc6 Qxc6 17. Qxc6 Rxc6 18. e4 e6 19. Be3 Rb8 20. Rd2 Bf8
21. Ke2 Bb4 22. Rc1 Ba5 23. Rdc2 Nd7 24. d5 exd5 25. Nxd5 Rxc2+ 26. Rxc2 Nf8
27. Bd4 Ne6 28. Bc3 Bxc3 29. bxc3 Rb1 30. e5 Rh1 31. Rb2 Rxh2 32. Rb8+ Kg7 33.
Nf6 Rh4 34. Rg8+ Kh6 35. Rh8 Kg7 36. Rg8+ Kh6 37. Ng4+ Kg5 38. Ra8 h5 39. Nf6
Ra4 40. Ne4+ Kf4 41. Rb8 Rxa2+ 42. Nd2 Kxe5 43. Rb4 Nf4+ 44. Kd1 Ne6 45. Re4+
Kf5 46. Ke1 Ra1+ 47. Ke2 Nf4+ 48. Ke3 Re1+ 49. Kd4 Rxe4+ 50. fxe4+ Kg4 51. Ke3
h4 52. f3+ Kg3 53. Kd4 Kg2 54. Nc4 h3 55. Ne3+ Kxf3 56. Nf1 g5 57. Ke5 g4 58.
Kf5 a5 59. Nh2+ Kg3 60. Nf1+ Kf2 61. Nh2 g3 0-1

[Event "30. Torneo San Viator 2018"]
[Site "Madrid ESP"]
[Date "2018.05.20"]
[Round "6.23"]
[White "Herranz Suarez, David"]
[Black "Tenorio Garcia, Joel"]
[Result "0-1"]
[WhiteElo "1472"]
[BlackElo "1593"]
[PlyCount "36"]
[EventDate "2018.04.08"]
[EventType "swiss"]
[EventRounds "9"]
[EventCountry "ESP"]
[SourceTitle "Ajedrez en Madrid"]
[Source "lmi"]
[SourceDate "2018.04.08"]

1. d4 Nf6 2. c4 g6 3. f3 d5 4. cxd5 Nxd5 5. e4 Nb6 6. Be3 Bg7 7. f4 c5 8. Nf3
Bg4 9. e5 Nd5 10. Bc1 cxd4 11. Qxd4 Bxf3 12. gxf3 Nc6 13. Qd2 Bh6 14. Qe2 Nxf4
15. Bxf4 Bxf4 16. e6 fxe6 17. Nc3 Bg5 18. Rd1 Bh4+ 0-1

[Event "30. Torneo San Viator 2018"]
[Site "Madrid ESP"]
[Date "2018.05.20"]
[Round "6.24"]
[White "Tudela Garcia, Antonio"]
[Black "Conchillo Roman, Jose Ignacio"]
[Result "1/2-1/2"]
[WhiteElo "1562"]
[BlackElo "1553"]
[PlyCount "43"]
[EventDate "2018.04.08"]
[EventType "swiss"]
[EventRounds "9"]
[EventCountry "ESP"]
[SourceTitle "Ajedrez en Madrid"]
[Source "lmi"]
[SourceDate "2018.04.08"]

1. e4 d6 2. Bc4 Nf6 3. Qf3 Nc6 4. Bb5 Bd7 5. c3 e5 6. d3 Ne7 7. Bxd7+ Nxd7 8.
Ne2 Ng6 9. O-O Be7 10. d4 O-O 11. Ng3 Bg5 12. Bxg5 Qxg5 13. Qf5 Qe7 14. Nd2 Nf4
15. Qg4 Nf6 16. Nf5 Nxg4 17. Nxe7+ Kh8 18. dxe5 Nxe5 19. Nd5 Nxd5 20. exd5 Nd3
21. Nc4 Rfe8 22. Ne3 1/2-1/2

[Event "30. Torneo San Viator 2018"]
[Site "Madrid ESP"]
[Date "2018.05.27"]
[Round "7.2"]
[White "Robles Diaz, Jose Alberto"]
[Black "Martinez Fernandez, Raul"]
[Result "1-0"]
[WhiteElo "2086"]
[BlackElo "2176"]
[PlyCount "35"]
[EventDate "2018.04.08"]
[EventType "swiss"]
[EventRounds "9"]
[EventCountry "ESP"]
[SourceTitle "Ajedrez en Madrid"]
[Source "lmi"]
[SourceDate "2018.04.08"]

1. c4 c6 2. Nf3 d5 3. e3 Nf6 4. Nc3 e6 5. d4 Be7 6. Bd3 dxc4 7. Bxc4 b5 8. Bd3
Bb7 9. O-O O-O 10. e4 a6 11. e5 Nfd7 12. Ne4 h6 13. Be3 a5 14. Qd2 Re8 15. Bxh6
gxh6 16. Qxh6 Bf8 17. Qh5 Bg7 18. Nd6 1-0

[Event "30. Torneo San Viator 2018"]
[Site "Madrid ESP"]
[Date "2018.05.27"]
[Round "7.3"]
[White "Vaquerizo Calvo, Miguel Arturo"]
[Black "Rodriguez Melendez, Juan Humbert"]
[Result "0-1"]
[WhiteElo "2035"]
[BlackElo "2174"]
[PlyCount "108"]
[EventDate "2018.04.08"]
[EventType "swiss"]
[EventRounds "9"]
[EventCountry "ESP"]
[SourceTitle "Ajedrez en Madrid"]
[Source "lmi"]
[SourceDate "2018.04.08"]

1. e4 e5 2. f4 exf4 3. Nf3 d5 4. exd5 Nf6 5. Bc4 Qe7+ 6. Qe2 Bf5 7. d3 Qxe2+ 8.
Kxe2 Bd6 9. Re1 O-O 10. Kf1 a6 11. Nc3 Nh5 12. Ne4 Be7 13. Bd2 Nd7 14. b4 h6
15. Nc5 Bf6 16. Nxd7 Bxd7 17. Ne5 Bf5 18. Rac1 g5 19. d4 Rad8 20. Bb3 Ng7 21.
c4 Bc8 22. Rcd1 Nf5 23. Bc1 Nd6 24. g3 fxg3 25. hxg3 Bg7 26. c5 Nf5 27. Kg2
Rde8 28. Bb2 Rd8 29. Rd3 Rfe8 30. d6 Bxe5 31. dxe5 cxd6 32. cxd6 Bd7 33. Rf1
Rf8 34. Kh2 Bb5 35. Rdf3 Bxf1 36. Rxf5 Bd3 37. Rf3 Be2 38. Rc3 Bg4 39. Rc7 Rd7
40. Rc1 Be6 41. Bxe6 fxe6 42. Kg2 Kg7 43. Bd4 g4 44. Rf1 Rxf1 45. Kxf1 Kf8 46.
Be3 h5 47. Ke2 Ke8 48. a4 Rf7 49. Kd3 Rf3 50. Ke4 Rxg3 51. Bc5 Rf3 52. a5 h4
53. Be3 Rf5 54. Bf4 g3 0-1

[Event "30. Torneo San Viator 2018"]
[Site "Madrid ESP"]
[Date "2018.05.27"]
[Round "7.4"]
[White "Luque Ibanes, Manuel"]
[Black "Garcia Dorado, Alberto"]
[Result "0-1"]
[WhiteElo "1997"]
[BlackElo "2151"]
[PlyCount "132"]
[EventDate "2018.04.08"]
[EventType "swiss"]
[EventRounds "9"]
[EventCountry "ESP"]
[SourceTitle "Ajedrez en Madrid"]
[Source "lmi"]
[SourceDate "2018.04.08"]

1. e4 e6 2. d4 d5 3. Nc3 Bb4 4. e5 b6 5. a3 Bf8 6. f4 Qd7 7. Nf3 Ba6 8. Bxa6
Nxa6 9. Qd3 Nb8 10. O-O g6 11. g4 Ne7 12. Be3 h5 13. h3 c6 14. Ne2 Qb7 15. Ng3
Qa6 16. gxh5 Qxd3 17. cxd3 Nf5 18. Nxf5 gxf5 19. Kh2 Rxh5 20. Rac1 Rh8 21. Rg1
Bh6 22. Ng5 a6 23. Rg2 Ra7 24. b4 Rc7 25. a4 Kd8 26. Rgc2 Kc8 27. b5 axb5 28.
axb5 Bxg5 29. fxg5 Kb7 30. Kg3 Rcc8 31. h4 Rh5 32. Bf2 Rhh8 33. Kf3 Rc7 34. Ke3
c5 35. dxc5 bxc5 36. Rxc5 Rxc5 37. Rxc5 Nd7 38. Rc6 Nxe5 39. Rd6 Ng4+ 40. Ke2
Nxf2 41. Kxf2 Rxh4 42. Rd7+ Kb6 43. Rxf7 Kxb5 44. Rf6 Rf4+ 45. Ke3 e5 46. g6
d4+ 47. Ke2 Rg4 48. Kf3 Rg5 49. g7 Kb4 50. g8=Q Rxg8 51. Rxf5 Kc3 52. Rxe5 Kxd3
53. Re7 Rf8+ 54. Kg2 Kd2 55. Ra7 d3 56. Ra2+ Ke1 57. Ra7 d2 58. Re7+ Kd1 59.
Rc7 Rf4 60. Kg3 Rf8 61. Kg2 Rf5 62. Rc8 Ke2 63. Re8+ Kd3 64. Rd8+ Ke3 65. Rd7
Rf4 66. Re7+ Re4 0-1

[Event "30. Torneo San Viator 2018"]
[Site "Madrid ESP"]
[Date "2018.05.27"]
[Round "7.6"]
[White "Ramos Del Campo, Alexander"]
[Black "Unciti Juan, Javier"]
[Result "0-1"]
[WhiteElo "2176"]
[BlackElo "1970"]
[PlyCount "64"]
[EventDate "2018.04.08"]
[EventType "swiss"]
[EventRounds "9"]
[EventCountry "ESP"]
[SourceTitle "Ajedrez en Madrid"]
[Source "lmi"]
[SourceDate "2018.04.08"]

1. e4 e6 2. d4 d5 3. Nc3 Bb4 4. e5 Ne7 5. a3 Bxc3+ 6. bxc3 c5 7. Qg4 Qc7 8. Bd3
cxd4 9. Ne2 dxc3 10. Qxg7 Rg8 11. Qxh7 Nbc6 12. Bf4 Bd7 13. Kf1 O-O-O 14. Qh3
d4 15. Qf3 Ng6 16. Bg3 Ncxe5 17. Qf6 Qc5 18. Bxg6 Nxg6 19. Qxd4 Qxd4 20. Nxd4
e5 21. Nf3 Bb5+ 22. Kg1 e4 23. Ne5 Nxe5 24. Bxe5 e3 25. Bxc3 Bc6 26. g3 e2 27.
Re1 Rd1 28. f3 Bxf3 29. h4 Bxh1 30. Kxh1 Rxg3 31. Bb4 Rxe1+ 32. Bxe1 Rf3 0-1

[Event "30. Torneo San Viator 2018"]
[Site "Madrid ESP"]
[Date "2018.05.27"]
[Round "7.7"]
[White "Perdomo Araujo, Angel Eduardo"]
[Black "Sotoca Aguado, Jose"]
[Result "0-1"]
[WhiteElo "2084"]
[BlackElo "1847"]
[PlyCount "46"]
[EventDate "2018.04.08"]
[EventType "swiss"]
[EventRounds "9"]
[EventCountry "ESP"]
[SourceTitle "Ajedrez en Madrid"]
[Source "lmi"]
[SourceDate "2018.04.08"]

1. e4 e6 2. d4 d5 3. Nd2 Nf6 4. e5 Nfd7 5. Bd3 c5 6. c3 Nc6 7. Ne2 Qb6 8. Nf3
cxd4 9. cxd4 f6 10. exf6 Nxf6 11. O-O Bd6 12. a3 O-O 13. b4 e5 14. dxe5 Nxe5
15. Nxe5 Bxe5 16. Ra2 Bxh2+ 17. Kxh2 Ng4+ 18. Kh1 Nxf2+ 19. Rxf2 Qxf2 20. Bg5
Bf5 21. Rd2 Bxd3 22. Rxd3 Rae8 23. Rd2 h6 0-1

[Event "30. Torneo San Viator 2018"]
[Site "Madrid ESP"]
[Date "2018.05.27"]
[Round "7.9"]
[White "Cervino Rossel, Cristobal"]
[Black "Gonzalez-Ruano Perez, Cesar"]
[Result "1-0"]
[WhiteElo "2063"]
[BlackElo "1833"]
[PlyCount "47"]
[EventDate "2018.04.08"]
[EventType "swiss"]
[EventRounds "9"]
[EventCountry "ESP"]
[SourceTitle "Ajedrez en Madrid"]
[Source "lmi"]
[SourceDate "2018.04.08"]

1. d4 e6 2. Nf3 f5 3. h3 Nf6 4. Bg5 h6 5. Bf4 Be7 6. e3 d6 7. c4 O-O 8. Nc3 Ne4
9. Qc2 Nxc3 10. Qxc3 a5 11. O-O-O Bf6 12. Be2 c5 13. Qa3 cxd4 14. Bxd6 Re8 15.
Nxd4 Na6 16. Nb5 Bd7 17. Kb1 Bc6 18. Bh5 Be4+ 19. Ka1 Nb4 20. Bxb4 Qxd1+ 21.
Rxd1 axb4 22. Qxb4 g6 23. f3 Red8 24. fxe4 1-0

[Event "30. Torneo San Viator 2018"]
[Site "Madrid ESP"]
[Date "2018.05.27"]
[Round "7.10"]
[White "Pajuelo Morales, Raul"]
[Black "Fernandez Rios, Jose Francisco"]
[Result "1/2-1/2"]
[WhiteElo "2005"]
[BlackElo "1741"]
[PlyCount "45"]
[EventDate "2018.04.08"]
[EventType "swiss"]
[EventRounds "9"]
[EventCountry "ESP"]
[SourceTitle "Ajedrez en Madrid"]
[Source "lmi"]
[SourceDate "2018.04.08"]

1. c4 c5 2. g3 g6 3. Bg2 Bg7 4. Nc3 Nc6 5. Nf3 d6 6. O-O Bf5 7. h3 e5 8. d3 Qd7
9. Kh2 Nge7 10. e4 Be6 11. Ng5 O-O 12. Nxe6 Qxe6 13. Nd5 Qd7 14. h4 Nxd5 15.
cxd5 Nd4 16. Bh3 Qe7 17. f4 f5 18. fxe5 Bxe5 19. Bg5 Bf6 20. Bh6 Bg7 21. Bg5
Bf6 22. Bh6 Bg7 23. Bg5 1/2-1/2

[Event "30. Torneo San Viator 2018"]
[Site "Madrid ESP"]
[Date "2018.05.27"]
[Round "7.11"]
[White "Julian Serra, Rogelio"]
[Black "Esteban Posadilla, Raul"]
[Result "1-0"]
[WhiteElo "2002"]
[BlackElo "1605"]
[PlyCount "135"]
[EventDate "2018.04.08"]
[EventType "swiss"]
[EventRounds "9"]
[EventCountry "ESP"]
[SourceTitle "Ajedrez en Madrid"]
[Source "lmi"]
[SourceDate "2018.04.08"]

1. c4 c6 2. g3 d5 3. Bg2 dxc4 4. Nf3 Nd7 5. Qc2 Nb6 6. a4 Be6 7. Ng5 Qd7 8.
Nxe6 Qxe6 9. a5 Nd7 10. Ra4 Ngf6 11. Rxc4 Ne5 12. Rb4 O-O-O 13. d4 Nd5 14. Rb3
Ng4 15. O-O f5 16. Nc3 Ngf6 17. Re1 g6 18. e4 Nc7 19. Be3 Ng4 20. d5 Nxe3 21.
Rxe3 Qd7 22. dxc6 bxc6 23. exf5 gxf5 24. Re1 Bg7 25. Na4 Qd2 26. Qxd2 Rxd2 27.
Bxc6 Bd4 28. Bb7+ Kd8 29. Rf3 e6 30. Rc1 Kd7 31. Nc5+ Bxc5 32. Rxc5 Kd6 33.
Rfc3 Nd5 34. Bxd5 exd5 35. f4 Rd8 36. Rc6+ Ke7 37. Rh6 Re8 38. Re3+ Kd8 39.
Rd6+ Kc7 40. Rxd5 Rxd5 41. Rxe8 Rxa5 42. Re7+ Kb6 43. Rxh7 Ra1+ 44. Kf2 Ra2 45.
Rf7 Rxb2+ 46. Ke3 Rxh2 47. Rxf5 Rh3 48. Kf3 a5 49. Rf8 Rh7 50. f5 a4 51. Rd8 a3
52. Rd2 Ra7 53. Ra2 Kc5 54. Kf4 Kb4 55. Kg5 Rg7+ 56. Kf4 Kb3 57. Ra1 Kb2 58.
Rxa3 Kxa3 59. f6 Rg8 60. g4 Kb4 61. Kf5 Kc5 62. f7 Ra8 63. g5 Kd5 64. g6 Ra1
65. g7 Rf1+ 66. Kg6 Rg1+ 67. Kf6 Rf1+ 68. Ke7 1-0